Himpunan kisah-kisah aneh , lucu dan ajaib (Siri 1)

Bibliographic Details
Main Author: Abdul Amin AL Anshari (Author)
Other Authors: Abu Mus'ab (Translator)
Format: Book
Language:Malay
Published: Selangor : Pustaka Ilmi 1998
Subjects:

MARC

LEADER 00000cam a2200000 7i4500
001 0000010714
005 20230810.0
008 030531 my may
020 |a 9830981118 (pbk) 
040 |a INS 
090 0 0 |a BP190.5.H8   |b A23 1998 
100 0 |a Abdul Amin AL Anshari ,   |e author 
245 1 0 |a Himpunan kisah-kisah aneh , lucu dan ajaib (Siri 1)   |c Abdul Amin AL Anshari   |f penterjemah Abu Mus'ab 
264 1 |a Selangor :   |b Pustaka Ilmi   |c 1998 
300 |a iv, 237 pages ;   |c 21 cm. 
336 |a text  |2 rdacontent 
337 |a unmediated  |2 rdamedia 
338 |a volume  |2 rdacarrier 
650 0 |a Islamic stories, Arabic   |x Translations into Malay 
650 0 |a Koran stories 
650 0 |a Wit and humor   |x Religious aspects   |x Islam 
700 0 |a Abu Mus'ab ,   |e translator 
999 |a 0000009886   |b BOOK   |c Open Shelf   |e Default branch 
999 |a 0000010941   |b BOOK   |c Open Shelf   |e Default branch